000 00851 a2200217 4500
005 20080925140315.0
008 080925t xxu||||| |||| 00| 0 eng d
010 _aENG-87912
020 _a8189557769
_c750.00
035 _aEN-71445
037 _bDBAD / PUB
082 _a954.0841
100 _aPradhan, K.B.
245 _aFreedom movement in India
_cby K.B. Pradhan
260 _aNew Delhi
_bArise Publishers & Distributors
_c2007
270 _a4648/1, 21, Ansari Road, Darya Ganj,
_bNew Delhi
_e110 002
300 _av, 376p.
_c22cm. (Hb)
500 _aIncludes bibliographical references and index
942 _adpl
_cEN
_k954.0841 / PRA
_2ddc
_h954.0841
_mPRA
999 _c7374
_d7374